US Cities – 15 Seconds Sprint Sudden Death - Statistics

General Stats
  • This quiz has been taken 728 times
  • The average score is 12 of 50
Answers on the Grid
Answers color-coded by a green-red scale on the quiz's grid according to % correct below.
Adana
Albuquerque
Anchorage
Apia
Asmara
Atlanta
Auckland
Bamako
Beijing
Belize City
Boise
Bordeaux
Boston
Brazzaville
Brno
Bucharest
Buffalo
Calgary
Cape Town
Caracas
Charlotte
Chicago
Cincinnati
Ciudad Juarez
Cleveland
Columbus
Cordoba
Curitiba
Dallas
Davao
Denver
Detroit
Dubai
Dundee
Edmonton
Guayaquil
Hong Kong
Honolulu
Houston
Hyderabad
Indianapolis
Istanbul
Kaliningrad
Kansas City
Kolkata
Labrador City
Lagos
Lahti
Las Vegas
Los Angeles
Louisville
Luanda
Lviv
Memphis
Mexicali
Miami
Milwaukee
Minneapolis
Monterrey
Munich
Nashville
Natal
New Delhi
New Orleans
New York
Norfolk
Oklahoma City
Philadelphia
Phoenix
Pittsburgh
Portland
Rapid City
Sacramento
Saint Louis
Salt Lake City
Samarkand
San Antonio
San Francisco
San Jose
Savannah
Seattle
Shanghai
Singapore
Spokane
Surabaya
Suva
Tallahassee
Tampa
Tegucigalpa
Thimphu
Tijuana
Tirana
Toamasina
Tucson
Tulsa
Turin
Washington
Wichita
Winnipeg
Wroclaw
 
Answer Stats
Answer % Correct
Largest city in Massachusetts Boston
36%
Largest city in the state of Georgia Atlanta
34%
Largest city in Texas Houston
32%
City in California San Francisco
32%
Largest city in Illinois Chicago
31%
Largest city in Michigan Detroit
31%
City in Florida Miami
31%
City in Ohio Cleveland
30%
Capital of Utah Salt Lake City
30%
City in Ohio Cincinnati
29%
Largest city in North Carolina Charlotte
28%
Largest city in California Los Angeles
28%
City in New York Buffalo
27%
Largest city in Colorado Denver
27%
Largest city in Pennsylvania Philadelphia
27%
City in Texas Dallas
26%
Largest city in Nevada Las Vegas
26%
Largest city in Washington Seattle
26%
Largest city in Indiana Indianapolis
25%
Largest city in Wisconsin Milwaukee
25%
Largest city in the New York state New York
25%
Largest city in Arizona Phoenix
25%
Largest city in Oregon or Maine Portland
25%
Largest city in New Mexico Albuquerque
24%
Largest city in Alaska Anchorage
24%
Largest city in Idaho Boise
24%
City in Tennessee Memphis
24%
Largest city in North Minnesota Minneapolis
24%
Largest city in Louisiana New Orleans
24%
Largest city in Oklahoma Oklahoma City
24%
City in California San Jose
24%
Capital of Florida Tallahassee
24%
City in Florida Tampa
24%
Largest city in Ohio Columbus
23%
Largest city in Hawaii Honolulu
23%
Largest city in Kentucky Louisville
23%
Capital of California Sacramento
23%
Largest city in Missouri or city in Kansas Kansas City
22%
Largest city in Tennessee Nashville
21%
City in Pennsylvania Pittsburgh
21%
Capital of the US Washington
21%
City in Texas San Antonio
20%
City in Oklahoma Tulsa
20%
City in Missouri Saint Louis
18%
City in Arizona Tucson
18%
Largest city in Kansas Wichita
17%
City in Virginia Norfolk
15%
City in the state of Georgia Savannah
15%
City in Washington Spokane
15%
Largest city in South Dakota Rapid City
14%
No matching quizzes found
Score Distribution
Percent of People with Each Score
Percentile by Number Answered
Your Score History
You have not taken this quiz